000 00230nam a22000857a 4500
008 160701b xxu||||| |||| 00| 0 eng d
100 _91714
_a Gupta,S
245 _aTowards Moral Growth
260 _aNew delhi
_b Asha Prakashan Greh
_c2005
999 _c1422
_d1422